000 02196nam a22003137a 4500
003 GR-AtMCL
005 20250724114918.0
006 a|||||r|||||||||||
008 130124s2009||||gr |||e b||| 001 gre u
020 _a9789604612208
040 _aGRAtEVE
_bgre
_dGR-AtMCL
_eAACR2
041 1 _heng
100 _aSommerville, Ian,
_d1951-
245 1 0 _aΒασικές αρχές τεχνολογίας λογισμικού /
_cIan Sommerville ; μετάφραση Δημήτρης Τσιλογιάννης
250 _a8η αγγλ. έκδ.
260 _aΑθήνα :
_bΚλειδάριθμος,
_cc2009
300 _a957σ. ;
_c24εκ.
500 _aΕυρετήριο: σ. 939-957
500 _aΤίτλος πρωτοτύπου: Software Enginneering
500 _aΤο έργο αποτελεί μετάφραση της 8ης αγγλικής έκδοσης
504 _aΒιβλιογραφία: σ. 919-938
520 _aΠεριλαμβάνει τις τελευταίες εξελίξεις στη θεωρία και την πρακτική εφαρμογή της τεχνολογίας λογισμικού, σε συνδυασμό με σχετικά θέματα της τεχνολογίας συστημάτων (systems engineering). -Εκτενής κάλυψη ευέλικτων μεθόδων (agile methods) και επαναχρησιμοποίησης (reuse). -Συνδυασμένη κάλυψη προστασίας, ασφάλειας, και αξιοπιστίας συστημάτων-παρουσίαση βέλτιστων πρακτικών στην ανάπτυξη κρίσιμων συστημάτων. -Δύο εξελισσόμενες περιπτωσιολογικές μελέτες (ένα πληροφοριακό σύστημα και ένα σύστημα ελέγχου) που επιδεικνύουν τα διαφορετικά στάδια του κύκλου ζωής λογισμικού.
650 0 7 _aΤεχνολογία λογισμικού
650 0 0 _aΠληροφορική
_99850
650 0 0 _aComputing
_99851
700 1 _aΤσιλογιάννης, Δημήτρης
_4730
942 _cBK
999 _c9819
_d9819